| 000 | 01877nam a22003737a 4500 | ||
|---|---|---|---|
| 001 | 101 | ||
| 003 | OSt | ||
| 005 | 20250528074011.0 | ||
| 008 | 250127b |||||||j |||| 00| 1 eng d | ||
| 020 | _a9788581630250 | ||
| 040 | _bpor | ||
| 041 |
_heng _apor |
||
| 082 |
_a823 _bC213a |
||
| 100 | 1 |
_aCanavan, Trudi, _d1969- _9218 |
|
| 240 | _aThe novice | ||
| 245 |
_aA aprendiz / _cCanavan, Trudi ; Tradução de Frank de Oliveira e Júlio Monteiro de Oliveira |
||
| 260 |
_aSão Paulo _bNovo Conceito _c2012 |
||
| 300 | _a544 p. | ||
| 490 | 1 |
_aA trilogia do mago negro _vLivro 02 |
|
| 500 | _aA aprendiz Sequência de: O clã dos magos | ||
| 520 | _aSozinha entre todos os aprendizes do Clã dos Magos, somente Sonea vem de uma classe menos privilegiada. No entanto, ela ganhou aliados poderosos, como Lorde Dannyl, recentemente promovido a Embaixador. Ele terá, agora, de partir para a corte de Elyne, deixando Sonea à mercê dos boatos maliciosos e mentirosos que seus inimigos continuam espalhando... até o Lorde Supremo entrar em cena. Entretanto, o preço do apoio de Akkarin é alto porque, em troca, Sonea deve proteger seus mistérios mais sombrios. Enquanto isso, a ordem que Dannyl está obedecendo, de buscar fatos sobre a longa pesquisa abandonada de Akkarin sobre o conhecimento mágico antigo, o está levando a uma extraordinária jornada, chegando cada vez mais perto de um futuro surpreendente e perigoso. | ||
| 650 | 0 |
_aLiteratura australiana _9219 |
|
| 650 | 0 |
_aFantasia _945 |
|
| 650 | 0 |
_aInfantojuvenil _9200 |
|
| 650 | 0 |
_aAventura _947 |
|
| 650 | 0 |
_aMedieval _9170 |
|
| 650 | 0 |
_aSeres mágicos _946 |
|
| 655 | 0 |
_aRomance _923 |
|
| 655 | 0 |
_aFicção _922 |
|
| 700 |
_aFrank de Oliveira _eTradutor _9223 |
||
| 700 |
_aJúlio Monteiro de Oliveira _eTradutor _9224 |
||
| 830 |
_aA trilogia do mago negro _vLivro 02 _9221 |
||
| 942 |
_2ddc _n0 _cBK |
||
| 999 |
_c101 _d101 |
||